Statystyki dla Starzy Dziwa

Kliknij tutaj aby rozwiązać quiz!

Ogólne statystyki

  • Ten quiz został rozwiązany 23 razy
  • Średni wynik to 22 z 69

Statystyki odpowiedzi

HintOdpowiedź% Poprawnych
69.Orangutan
83%
19.Policjant
83%
12.Strażak
83%
31.Hitler
67%
6.Ogrodnik
67%
17.Chrabąszcz
50%
63.Jan Paweł II
50%
10.Ksiondz
50%
13.Medyk
50%
25.Nacjonalista
50%
18.Nazista
50%
1.prawdziwy
50%
3.przyszywany
50%
35.Szymuś
50%
2.ten co go urodził
50%
9.Wyznawca JD
50%
11.Ziobro
50%
56.Adrian P
33%
22.Alfons
33%
58.Biedroń
33%
36.Bosak
33%
26.Cwel
33%
20.Debil
33%
29.Dietetyk
33%
60.Dis
33%
57.Dis
33%
39.Faszysta
33%
14.Fryzjer
33%
27.Imbecyl
33%
66.Kiep
33%
52.Kolarz
33%
33.Koszulka abola
33%
16.Lewak
33%
7.Malarz
33%
42.Mieszko I
33%
61.Paris Platynov
33%
21.Prawak
33%
38.Rasista
33%
62.Tomasz Hajto
33%
32.Zabójca
33%
67.Zbigi
33%
65.Żołnierz
33%
34.Żółtek
33%
28.Alkoholik
17%
48.Chudy
17%
5.Daltonista
17%
15.Gej
17%
54.Grubas
17%
23.Idiota
17%
53.Jordan
17%
46.Komornik
17%
45.Komunista
17%
30.Kulturysta
17%
37.Łysy
17%
47.Masażysta
17%
24.Menel
17%
68.Negocjator
17%
44.Rumun
17%
51.Sprinter
17%
64.Stalin
17%
8.Tatuażysta
17%
59.Witold
17%
49.Youtuber
17%
4.Żołędziowiec
17%
40.Autysta
0%
43.Baby Narkoman
0%
41.Matematyk
0%
55.Obcy Gufit
0%
50.Sprzedawca
0%

Rozkład punktacji

Percentyl według liczby udzielonych odpowiedzi

Procent ludzi z każdym wynikiem

Twoja historia wyników

Nie rozwiązałeś tego quizu